000 00855nam a22002057a 4500
999 _c15777
_d15777
003 AR-CdUCM
008 190430b ||||| |||| 00| 0 spa d
040 _aMUNICIPALIDAD PROVINCIAL DEL CUSCO
_cBIBLIOTECA MUNICIPAL DEL CUSCO
082 _a781.4 /
_bS18
100 _aSalazar Bondy, Sebastian
_9906
245 _aDel hueso tallado al arte abstracto :
_bintroducción al arte /
260 _aLima :
_bEds. Simiente,
_c1960.
300 _a46 paginas ;
_bIlustraciones,
_c22 cm.
505 _aContenido : Una sola ambición desde la prehistoria -- Los griegos y mas aun -- Cuando los artistas oraban -- Las oraciones de piedra -- La pintura gótica -- La ola renacentista sobre el arte...
650 _aArte abstracto
_98918
650 _aTallado
_934979
650 _aIntroducción al arte
_934980
942 _2ddc
_cLIBROS
945 _awnts
_d2019-04-30